书目信息 |
| 题名: |
地电场与电法勘探
|
|
| 作者: | 李金铭 编著 | |
| 分册: | ||
| 出版信息: | 北京 地质出版社 2005 |
|
| 页数: | 473页 | |
| 开本: | 26cm | |
| 丛书名: | ||
| 单 册: | ||
| 中图分类: | P319.1 , P631.3 | |
| 科图分类: | ||
| 主题词: | 地电场--di dian chang--高等学校--教材 , 电法勘探--dian fa kan tan--高等学校--教材 | |
| 电子资源: | ||
| ISBN: | 978-7-116-04395-4 | |
| 000 | 01027cam0 2200301 45 | |
| 001 | 012001003722 | |
| 005 | 20131105133226.0 | |
| 010 | @a978-7-116-04395-4@dCNY55.00 | |
| 092 | @aCN@bCEPC054002-0029 | |
| 099 | @aCAL 012006002330 | |
| 100 | @a20060109d2005 em y0chiy50 ea | |
| 101 | 0 | @achi |
| 102 | @aCN@b110000 | |
| 105 | @aak a 000yy | |
| 106 | @ar | |
| 200 | 1 | @a地电场与电法勘探@Adi dian chang yu dian fa kan tan@f李金铭编著 |
| 210 | @a北京@c地质出版社@d2005 | |
| 215 | @a473页@c图@d26cm | |
| 320 | @a有书目 (第471-473页) | |
| 330 | @a全书由四篇组成。第一篇地电场,在全面阐述岩、矿石主要电磁履质基础上,分别对天然地电场和人工地电场的场源性质及其在均匀和非均匀地电条件下电场等。 | |
| 333 | @a高等学校教材地球物理系列/刘光鼎主编 | |
| 606 | 0 | @a地电场@Adi dian chang@x高等学校@j教材 |
| 606 | 0 | @a电法勘探@Adian fa kan tan@x高等学校@j教材 |
| 690 | @aP319.1@v4 | |
| 690 | @aP631.3@v4 | |
| 701 | 0 | @a李金铭@Ali jin ming@4编著 |
| 801 | 2 | @aCN@b上海新华@c20191020 |
| 905 | @b1206408-11@dP319.1@e167@f4 | |
| 地电场与电法勘探/李金铭编著.-北京:地质出版社,2005 |
| 473页:图;26cm |
| 使用对象:高等学校教材地球物理系列/刘光鼎主编 |
| ISBN 978-7-116-04395-4:CNY55.00 |
| 全书由四篇组成。第一篇地电场,在全面阐述岩、矿石主要电磁履质基础上,分别对天然地电场和人工地电场的场源性质及其在均匀和非均匀地电条件下电场等。 |
| ● |
| 相关链接 |
|
|
|
|
正题名:地电场与电法勘探
索取号:P319.1/167
 
预约/预借
| 序号 | 登录号 | 条形码 | 馆藏地/架位号 | 状态 | 备注 |
| 1 | 1206408 | 212064086 | 第二样本阅览室/ [索取号:P319.1/167] | 在馆 | |
| 2 | 1206409 | 212064095 | 第三借阅区/ [索取号:P319.1/167] | 在馆 | |
| 3 | 1206410 | 212064102 | 第三借阅区/ [索取号:P319.1/167] | 在馆 | |
| 4 | 1206411 | 212064111 | 第三借阅区/ [索取号:P319.1/167] | 在馆 |